000 00686nam a2200253Ia 4500
003 OSt
005 20221007110604.0
006 a|||||r|||| 00| 0
007 ta
008 221006b |||||||| |||| 00| 0 eng d
020 _a0677054408
024 _a21,380
037 _cTextual
040 _aLCO
_cLCO
_beng
041 _2eng
_aeng
082 _aYObD, L9
100 _aKrippendorff Klaus Ed.
_9707666
245 0 _aCommunication and Control in Society
260 _aNew
_bYork Gordon and Breach Science Publishers U.S.A.
_c1979
300 _a529
650 _aCOMMUNICATION
942 _hYObD, L9
_cTEXL
999 _c1190943
_d1190943